[Event "Matanzas Copa Nacional"]
[Site "Matanzas"]
[Date "1999.??.??"]
[Round "7"]
[White "Parra Cabrera, Edilmar"]
[Black "Fleites Marti, Yuleikys"]
[Result "1-0"]
[WhiteElo "2199"]
[BlackElo "2130"]
[PlyCount "77"]
[EventDate "1999.??.??"]
[EventType "tourn"]
[EventRounds "12"]
[EventCountry "CUB"]
[SourceTitle "EXT 2000"]
[Source "ChessBase"]
[SourceDate "1999.11.16"]
[SourceVersion "1"]
[SourceVersionDate "1999.11.16"]
[SourceQuality "1"]

1. e4 c5 2. Nf3 Nc6 3. d4 cxd4 4. Nxd4 Nf6 5. Nc3 e5 6. Ndb5 d6 7. Bg5 a6 8. Bxf6 gxf6 9. Na3 b5 10. Nd5 Bg7 11. c3 f5 12. exf5 Bxf5 13. Nc2 0-0 14. Nce3 Be6 15. g3 Rb8 16. Bg2 Kh8 17. 0-0 a5 18. Qh5 f5 19. Rfd1 b4 20. Qe2 Qd7 21. Nc4 bxc3 22. bxc3 e4 23. Nce3 Ne7 24. Rac1 Nxd5 25. Nxd5 Bxd5 26. Rxd5 Qc7 27. Bh3 Be5 28. a4 Rb4 29. Rxa5 Rb3 30. Rb5 Rxc3 31. Rf1 Qa7 32. Rfb1 f4 33. Rb7 Rc1+ 34. Bf1 Rxf1+ 35. Kxf1 Qxa4 36. Rb8 Rg8 37. Rxg8+ Kxg8 38. Qg4+ Bg7 39. Qe6+ 1-0

[Event "Matanzas Copa Nacional"]
[Site "Matanzas"]
[Date "1999.??.??"]
[Round "3"]
[White "Parra Cabrera, Edilmar"]
[Black "Marichal Gonzalez, Ariel"]
[Result "0-1"]
[WhiteElo "2199"]
[BlackElo "2177"]
[PlyCount "60"]
[EventDate "1999.??.??"]
[EventType "tourn"]
[EventRounds "12"]
[EventCountry "CUB"]
[SourceTitle "EXT 2000"]
[Source "ChessBase"]
[SourceDate "1999.11.16"]
[SourceVersion "1"]
[SourceVersionDate "1999.11.16"]
[SourceQuality "1"]

1. e4 c5 2. Nf3 Nc6 3. d4 cxd4 4. Nxd4 Nf6 5. Nc3 e5 6. Ndb5 d6 7. Bg5 a6 8. Na3 b5 9. Bxf6 gxf6 10. Nd5 Bg7 11. c3 f5 12. exf5 Bxf5 13. Nc2 Be6 14. a4 0-0 15. axb5 axb5 16. Rxa8 Qxa8 17. Bxb5 Nd4 18. Ne7+ Kh8 19. cxd4 Qa5+ 20. b4 Qxb5 21. d5 Bd7 22. Qe2 Qa4 23. Nc6 Qb3 24. Qd2 Bf5 25. Ne3 Bd3 26. Qd1 Qa3 27. Qd2 e4 28. Nd1 Qb3 29. Na5 Qxd5 30. Ne3 Qb5 0-1